| 000 | 00684nam a22001937a 4500 | ||
|---|---|---|---|
| 003 | OSt | ||
| 005 | 20250826083314.0 | ||
| 008 | 250826b |||||||| |||| 00| 0 eng d | ||
| 020 | _a0-521-54462-9 | ||
| 040 |
_aDWCL-Main lib _cOC |
||
| 082 | _aCirc. 428.1076 Ie61 2005 | ||
| 100 | _aCambridge University Press | ||
| 245 |
_aIELTS with answers : _bexamination papers from University of Cambridge ESOL examinations/ |
||
| 260 |
_aNew York : _bCambridge University Press, _cc2005 |
||
| 300 |
_a176 p. _c24 cm. |
||
| 650 | _a1. English language examinations - study guides | ||
| 650 | _a2. International English language testing system - study guides | ||
| 942 |
_2ddc _cBK-CIRC _kCirc. _n0 |
||
| 999 |
_c4289 _d4289 |
||